000 01077cam a2200229 4500
001 WB@3612-819
008 041110n2004 000 0 eng u
035 _a(Sirsi) u127932
245 _aFarmland in demand for investors
260 _c2004
490 _aRICS Press Release
_v(pr096) 12 November 2004 (12)
520 _aThe "RICS rural land market survey: Great Britain" has just been published for the third quarter of 2004. It shows that land prices are rocketing as demand greatly outstrips supply. Investors currently perceive the rural market as a viable alternative to the stock market and property. The average price of farmland for the third quarter 2004 has edged closer to £10 000 per hectare - this is an overall rise of nearly 30% in the last 12 months. The survey is available to download from the website. http://www.rics.org
590 _aWB
590 _aWB
650 _aFARMLAND PRICES
650 _aFARMLAND MARKET
650 _aLAND PURCHASE
650 _aRURAL PROPERTY
650 _aRURAL AREAS
690 _aRURAL-MARKET
942 _n0
999 _c118286
_d118286